Mięśnie ramienia - Statystyki

Ogólne statystyki
  • Ten quiz został rozwiązany 325 razy
  • Średni wynik to 4 z 6
Statystyki odpowiedzi
Wymień mięśnie człowieka Odpowiedź % Poprawnych
Mięsień Dwugłowy
90%
Mięsień Trójgłowy
86%
Mięsień Naramienny
65%
Mięsień Ramienny
62%
Mięsień Kruczo-Ramienny
38%
Mięsień Łokciowy
36%
Nie znaleziono quizów pasujących do podanych kryteriów
Rozkład punktacji
Procent ludzi z każdym wynikiem
Percentyl według liczby udzielonych odpowiedzi
Twoja historia wyników
Nie rozwiązałeś tego quizu